| 000 | 00748nam a2200253Ia 4500 | ||
|---|---|---|---|
| 003 | OSt | ||
| 005 | 20220918222452.0 | ||
| 006 | a|||||r|||| 00| 0 | ||
| 007 | ta | ||
| 008 | 220917b |||||||| |||| 00| 0 eng d | ||
| 024 | _a216,993 | ||
| 037 | _cTextual | ||
| 040 |
_aARTS _cARTS _beng |
||
| 041 |
_2eng _aeng |
||
| 082 | _aW:1(X).49B, N9 | ||
| 100 |
_aWeder Beatrice _9143242 |
||
| 245 | 0 | _aModel, myth, or miracle? reassessing the role of governments in the east Asian experience | |
| 260 |
_aTokyo _bUnited nations Univ. Press _c1999 |
||
| 300 |
_avi, 169p _ccm. |
||
| 490 | _aUNU Policy Perspectives | ||
| 650 | _aPOLITICAL SCIENCE | ||
| 942 |
_hW:1(X).49B, N9 _cTEXL _2CC |
||
| 999 |
_c275618 _d275618 |
||